| 000 | 01429nam0a22002891 4500 | ||
|---|---|---|---|
| 001 | rc\3175197 | ||
| 005 | 20260406205609.0 | ||
| 021 |
_aRU _b[76-30056] |
||
| 035 | _a(NLR Aleph) 007330356 | ||
| 090 |
_a6002978 _c6002978 |
||
| 100 | _a20120615d1976 |||y0rusy50 ca | ||
| 101 | 0 | _arus | |
| 102 | _aRU | ||
| 105 | _aa z ||||| | ||
| 200 | 1 |
_aТехнология и механизация производств в лесной и деревообрабатывающей промышленности _eтезисы докл. участников науч.-техн. конф. молодых ученых и специалистов (31 марта 1976 г.) _f[отв. ред. канд. техн. наук С. К. Иванов и др.] |
|
| 210 |
_aКрасноярск _cБ. и. _d1976 |
||
| 215 |
_a198 с. _cил. _d20 |
||
| 300 | _aВ надзаг.: Краснояр. краев. науч.-техн. о-во лесной пром-сти | ||
| 606 |
_aЛесная промышленность _jТезисы докладов _2psbo |
||
| 702 | 1 |
_aИванов _bС.К. _4340 |
|
| 712 | 0 | 2 |
_4570 _aНТО лесной промышленности и лесного хозяйства _cМосква _bКрасноярское краевое правление _3RU\NLR\AUTH\889966238 _9428780 |
| 801 | 0 |
_aRU _bNLR _gpsbo |
|
| 801 | 1 |
_aRU _bELAR _2rusmarc |
|
| 852 |
_aNLR _j76-3/6050 |
||
| 942 | _cBOOK | ||
| 980 | _aNB | ||